[Event "Malgrat del Mar op"]
[Site "Malgrat del Mar"]
[Date "1997.05.03"]
[Round "7"]
[White "Angelats Morato, Rafael"]
[Black "Sanchez Prado, Manuel"]
[Result "1/2-1/2"]
[WhiteElo "2105"]
[BlackElo "2085"]
[PlyCount "34"]
[EventDate "1997.??.??"]
[EventType "swiss"]
[EventRounds "9"]
[EventCountry "ESP"]
[SourceTitle "EXT 2003"]
[Source "ChessBase"]
[SourceDate "2002.11.25"]
[SourceVersion "1"]
[SourceVersionDate "2002.11.25"]
[SourceQuality "1"]

1. d4 c6 2. Nf3 d5 3. e3 Bg4 4. h3 Bh5 5. c4 e6 6. Qb3 Qc7 7. cxd5 exd5 8. Nc3 Nf6 9. Bd2 Nbd7 10. Nh4 Bg6 11. Nxg6 hxg6 12. Rc1 Qb6 13. Qc2 Bb4 14. Bd3 Kf8 15. Na4 Qa5 16. Bxb4+ Qxb4+ 17. Nc3 Rd8 1/2-1/2

[Event "Malgrat del Mar op"]
[Site "Malgrat del Mar"]
[Date "1997.04.19"]
[Round "5"]
[White "Sanchez Prado, Manuel"]
[Black "Cardo Bornas, Ignasi"]
[Result "0-1"]
[WhiteElo "2085"]
[BlackElo "2035"]
[PlyCount "58"]
[EventDate "1997.??.??"]
[EventType "swiss"]
[EventRounds "9"]
[EventCountry "ESP"]
[SourceTitle "EXT 2003"]
[Source "ChessBase"]
[SourceDate "2002.11.25"]
[SourceVersion "1"]
[SourceVersionDate "2002.11.25"]
[SourceQuality "1"]

1. c4 c5 2. Nf3 Nf6 3. Nc3 Nc6 4. d4 cxd4 5. Nxd4 g6 6. g3 Bg7 7. Bg2 Qb6 8. Nc2 Na5 9. b3 Ng4 10. Ne4 Bxa1 11. Nxa1 f5 12. c5 Qb4+ 13. Bd2 Qa3 14. Bc3 Rf8 15. h3 Ne3 16. fxe3 fxe4 17. Qd2 Nc6 18. b4 a5 19. b5 Nb4 20. Bb2 Qxa2 21. Bxe4 Qc4 22. Bf3 Qxc5 23. 0-0 Qxb5 24. Rc1 Nc6 25. Bd5 e6 26. Bf3 Ne5 27. Bxe5 Qxe5 28. Nb3 Qxg3+ 29. Bg2 Rf2 0-1